Rape : (Record no. 67784)

MARC details
000 -LEADER
fixed length control field 00462nam a22001457a 4500
005 - DATE AND TIME OF LATEST TRANSACTION
control field 20180530173641.0
020 ## - INTERNATIONAL STANDARD BOOK NUMBER
International Standard Book Number 8173413274
Terms of availability 495.00
035 ## - SYSTEM CONTROL NUMBER
System control number B-120313, B-120315
037 ## - SOURCE OF ACQUISITION
Stock number DPL
Source of stock number/acquisition ENG
100 ## - MAIN ENTRY--PERSONAL NAME
Personal name Bhatnagar, Rajendra Mohan
245 ## - TITLE STATEMENT
Title Rape :
Remainder of title A social and sexual tragedy /
Statement of responsibility, etc by Rajendra Mohan Bhatnagar
260 ## - PUBLICATION, DISTRIBUTION, ETC. (IMPRINT)
Place of publication, distribution, etc Delhi
Name of publisher, distributor, etc Indian Publishers' Distributors
Date of publication, distribution, etc 2004
300 ## - PHYSICAL DESCRIPTION
Extent xiii, 271p.
Dimensions 20 cms.
942 ## - ADDED ENTRY ELEMENTS (KOHA)
Source of classification or shelving scheme Dewey Decimal Classification
Item type English Books
Classification part 362.883
Call number suffix BHA
Holdings
Withdrawn status Lost status Not for loan Collection code Home library Current library Date acquired Cost, normal purchase price Full call number Barcode Cost, replacement price Koha item type Source of acquisition
      Non-fiction Sarojini Nagar Sarojini Nagar 11/06/2012 495.00 362.883 BHA B-120313 495.00 English Books  
      Non-fiction Shahdara Branch Shahdara Branch 30/05/2018 495.00 362.883 BHA B-120315 495.00 English Books BPPD/PUB

© Delhi Public Library
Hit Counter
free hit counter